000 00965nam a2200205 i 4500
001 189608
003 SpMaBN
005 20250827075023.0
008 190625s1869 sp f |||| | spa d
100 1 _aInchaurrandieta, Rogelio (
_d1836-1916)
_9167426
245 1 0 _aAplicaciones de la geología a la práctica del ingeniero de caminos /
_cpor Rogelio de Inchaurrandieta y Páez.
260 _aMadrid :
_bImp. y Estereotipia de M. Rivadeneyra,
_c1869.
300 _a94 p., 2 h. de lám. pleg. ;
_c26 cm.
530 _aDisponible en formato digital.
650 7 _aGeología
_2embne
_913086
650 7 _aIngeniería
_2embne
_913767
852 _aES-MaACL
_jL-32450(4)
_z- Enc. cart.
_z- Legado Federico de Botella y de Hornos
_z- Enc. en un vol. facticio, con tít. en el lomo de: España, geología: memorias varias, 3
856 _uhttp://bdh-rd.bne.es/viewer.vm?id=0000077220&page=1
_zBiblioteca Digital Hispánica
999 _c189608
_d189608